000 00615nam a2200205Ia 4500
003 GCL
008 140319s9999 xx 000 0 ara d
040 _aGCL /
_cGCL
082 0 4 _a871.008
_bل هـ
100 1 _aلويس عوض
245 1 0 _aهوراس فى الشعر /
_cلويس عوض
260 _a[S.N] :
_bالهيئة المصرية العامة للكتاب ،
_c1988
300 _a214 ص
490 _a
650 0 4 _aالشعر اللاتينى المترجم
650 0 4 _aهوارس
650 0 4 _aتاريخ ونقد
650 0 4 _aالادب اللاتينى المترجم
942 _2ddc
_cBK
999 _c28624
_d28624